A Course in English Communication / (Record no. 7301)
[ view plain ]
| 000 -LEADER | |
|---|---|
| fixed length control field | 00796nam a22002177a 4500 |
| 003 - CONTROL NUMBER IDENTIFIER | |
| control field | BUBTL |
| 008 - FIXED-LENGTH DATA ELEMENTS--GENERAL INFORMATION | |
| fixed length control field | 240415b ||||| |||| 00| 0 eng d |
| 020 ## - INTERNATIONAL STANDARD BOOK NUMBER | |
| International Standard Book Number | 9788120330726 |
| 041 ## - LANGUAGE CODE | |
| Language code of text/sound track or separate title | eng |
| 082 ## - DEWEY DECIMAL CLASSIFICATION NUMBER | |
| Classification number | 421/ Ap83c/ 2023 |
| 100 ## - MAIN ENTRY--PERSONAL NAME | |
| 9 (RLIN) | 5808 |
| Personal name | Apte, Madhavi |
| 245 ## - TITLE STATEMENT | |
| Title | A Course in English Communication / |
| Statement of responsibility, etc. | Madhavi Apte |
| 250 ## - EDITION STATEMENT | |
| Edition statement | 1st ed. |
| 260 ## - PUBLICATION, DISTRIBUTION, ETC. (IMPRINT) | |
| Place of publication, distribution, etc. | Delhi: |
| Name of publisher, distributor, etc. | PHI Learning Private Limited, |
| Date of publication, distribution, etc. | c2023 |
| 300 ## - PHYSICAL DESCRIPTION | |
| Extent | viii, 204 p. : |
| Other physical details | ills.; |
| Dimensions | 24 cm |
| 505 ## - FORMATTED CONTENTS NOTE | |
| Formatted contents note | A Course in English Communication, Starting and Ending Conversations, Introducing Oneself and Others, Greetings, Praises, and Compliments, Requests and Suggestions, Asking and Giving Permission |
| 650 #0 - SUBJECT ADDED ENTRY--TOPICAL TERM | |
| 9 (RLIN) | 194 |
| Topical term or geographic name as entry element | English Language |
| 856 ## - ELECTRONIC LOCATION AND ACCESS | |
| Password | 0 |
| Logon | 0 |
| Link text | Download |
| 942 ## - ADDED ENTRY ELEMENTS (KOHA) | |
| Source of classification or shelving scheme | |
| Koha item type | Books |
| Withdrawn status | Lost status | Source of classification or shelving scheme | Damaged status | Not for loan | Collection code | Permanent location | Current location | Shelving location | Date acquired | Source of acquisition | Inventory number | Total Checkouts | Full call number | Barcode | Date last seen | Copy number | Price effective from | Koha item type |
|---|---|---|---|---|---|---|---|---|---|---|---|---|---|---|---|---|---|---|
| Not For Loan | Non-fiction | Bangladesh University of Business and Technology Library | Bangladesh University of Business and Technology Library | English Literature Stacks | 01/24/2024 | Purchase | 29962 | 421/ Ap83c/ 2023 | BUBTL-200329962 | 04/16/2024 | C-1 | 04/16/2024 | Books | |||||
| Not For Loan | Non-fiction | Bangladesh University of Business and Technology Library | Bangladesh University of Business and Technology Library | English Literature Stacks | 01/24/2024 | Purchase | 29963 | 421/ Ap83c/ 2023 | BUBTL-200329963 | 04/16/2024 | C-2 | 04/16/2024 | Books |
